000 00686nam a2200205Ii 4500
003 JO-AjNU
008 230605s9999||||xx |||||||||||||| ||und||
040 _aJO-AjNU
_bara
_erda
_cJO-AjNU
041 _aara
050 1 4 _aQ180.M4.A8848 2000
100 3 _aعطوي، جودت عزت,
_eauthor
_957129
245 0 0 _aأساليب البحث العلمي: مفاهيمه-ادواته-طرقه الإحصائية
250 _aط1
264 3 1 _aعمان: دار الثقافة للنشر والتوزيع، 2000
300 _a321ص
336 _atext
_btxt
_2rdacontent
337 _aunmediated
_bn
_2rdamedia
338 _avolume
_bnc
_2rdacarrier
650 4 _aطرق البحث
_957130
999 _aA25582
_c29150
_d29150